000 00987pam a2200265 a 4500
001 4015955
003 OSt
005 20140606213003.0
008 970502s1997 mex spa
020 _a968-880-808-3
040 _aDLC
_cBMC
_dDLC
082 _a612.6
100 1 _aRice, F. Philip
_98158
245 1 0 _aDesarrollo humano
_b: estudio del ciclo vital
_cF. Philip Rice ; traducción, Ma.[sic] Elena Ortiz Salina ; revisión técnica, Ma.[sic] de Lourdes Reyes Ponce
250 _a2ª ed
260 _aNaucalpan de Juárez (México)
_bPrentice-Hall Hispanoamericana
_ccop. 1997
300 _aXXVII, 668, [101] p.
_bil., gráf.
_c29 cm
500 _aIncluye índice
504 _aIncluye referencias bibliográficas
594 _1Traducido del inglés de la obra: Human development : a life-span approach, 2th ed.
650 2 4 _98157
_aCrecimiento humano
700 1 _98159
_aReyes Ponce, María de Lourdes
700 1 _97091
_aOrtiz Salinas, María Elena
942 _2ddc
_cBK
999 _c3545
_d3545